logo

Bir Sreshtho Munshi Abdur Rouf Library
Jhenaidah Cadet College

আউটসোর্সিং: (Record no. 11823)

MARC details
000 -LEADER
fixed length control field 00781nam a2200241 a 4500
001 - CONTROL NUMBER
JCCL Control Number 11823
003 - CONTROL NUMBER IDENTIFIER
JCCL marc code BD-JhCC
005 - DATE AND TIME OF LATEST TRANSACTION
control field 20220223134022.0
008 - FIXED-LENGTH DATA ELEMENTS--GENERAL INFORMATION
fixed length control field 190527b2015 bd a|||| a|a| 000 0 ben d
020 ## - INTERNATIONAL STANDARD BOOK NUMBER
International Standard Book Number 9789849116639
035 ## - SYSTEM CONTROL NUMBER
system control number (BD-JhCC)11823
040 ## - CATALOGING SOURCE
Original cataloging agency BD-JhCC
Modifying agency BD-JhCC
041 ## - LANGUAGE CODE
Language code of Book ben
082 ## - DEWEY DECIMAL CLASSIFICATION NUMBER
Classification number 658.4058
Author mark and Year RAH 2015
100 ## - MAIN ENTRY--PERSONAL NAME
Personal name রহমান, শাওন
245 ## - TITLE STATEMENT
Title আউটসোর্সিং:
Remainder of title কি ও কেন? /
Statement of responsibility, etc শাওন রহমান, তৌশিকুর রহমান ।
260 ## - PUBLICATION, DISTRIBUTION, ETC. (IMPRINT)
Place of publication, distribution, etc ঢাকা:
Name of publisher, distributor, etc অন্বেষা;
Date of publication, distribution, etc ২০১৫.
300 ## - PHYSICAL DESCRIPTION
Pagination 192 p. :
Other physical details ill;
Dimensions 22 cm.
650 ## - SUBJECT ADDED ENTRY--TOPICAL TERM
Topical term or geographic name as entry element Information technology--Management
700 ## - ADDED ENTRY--PERSONAL NAME
Personal name রহমান,তৌশিকুর
942 ## - ADDED ENTRY ELEMENTS (KOHA)
Source of classification or shelving scheme Dewey Decimal Classification
Koha item type Books
Koha issues (borrowed), all copies 1
Holdings
Source of classification or shelving scheme Damaged status Not for loan Home library Current library Shelving location Date of accession Source of acquisition Cost, normal purchase price Total Checkouts Full call number Barcode Date last seen Date checked out Copy number Koha item type
Dewey Decimal Classification     JCC Rouf Library JCC Rouf Library General Stacks 11/08/2020 Lt.Gen. Mahfuzur Rahman (10th intake) 225.00 2 658.4058 RAH 2015 16121 03/27/2022 03/23/2022 C-1 Books

JCC Library | Contacts | JCC Home

Last Update on 23 September 2017
Copyright @ 2017-2020 JCC Rouf Library
Rouf Library, Jhenidah Cadet College (JCC), Bangladesh